| 000 | 01020cam a22001694a 4500 | ||
|---|---|---|---|
| 999 |
_c5483 _d5483 |
||
| 020 | _a0131134965 | ||
| 020 | _a9780131134966 | ||
| 050 | 0 | 0 |
_aHM586 _b.T87 |
| 100 | 1 | _aTurner, Jonathan H. | |
| 245 | 1 | 0 |
_aSociology / _cJonathan H. Turner. |
| 260 |
_aUpper Saddle River, N.J. : _bPearson Prentice Hall, _cc2006. |
||
| 300 |
_axiv, 418 p. : _bill. ; _c26 cm. |
||
| 500 | _aIncludes index. | ||
| 505 | 0 | _aPrologue: gaining perspective from a timeline of human society -- The origins and nature of sociology -- The scientific method and sociology -- Theoretical perspectives in sociology -- Biology -- Culture -- Social structure -- Social interaction -- Socialization -- Social control -- Encounters -- Groups -- Organizations -- Communities -- Class stratification -- Ethnic stratification -- Gender stratification -- Economy -- Government -- Kinship and family -- Religion -- Education -- Social movements -- Revolution, war, and terrorism -- Globalization -- Population and ecology. | |
| 650 | 0 | _aSociology. | |
| 942 | _cBK | ||